000 00938nam a22002057a 4500
005 20231206121655.0
008 231128b ||||| |||| 00| 0 eng d
040 _cAL
041 _aKannada
082 _223
_aK894.209
_bMUDP
100 _aMuddu Moodubelle ಮುದ್ದು ಮೂಡುಬೆಳ್ಳೆ
_9144518
245 _aParivartanasheela Tulu Rangabhoomi ಪರಿವರ್ತನಶೀಲ ತುಳುರಂಗಭೂಮಿ
260 _aMangalagangothri ಮಂಗಳಗಂಗೋತ್ರಿ
_bPrasaranga Mangalore University ಪ್ರಸಾರಾಂಗ ಮಂಗಳೂರು ವಿಶ್ವವಿದ್ಯಾನಿಲಯ
_c2021
300 _a64 p.
_bPB
_c21x14 cm.
365 _a063-065
_b₹25.00
_c
_d₹50.00
_e50%
_f23-11-2023
650 _aHistory of Tulu theatre ತುಳು ರಂಗಭೂಮಿ
_9144515
650 _aPlays ನಾಟಕಗಳು
_9144516
700 _aMUDDU MOODUBELLE
_9144517
942 _2ddc
_cBK
999 _c229338
_d229338